[Event "ROM-ch U10 Girls"]
[Site "Baile Felix"]
[Date "2017.02.04"]
[Round "3"]
[White "Maria, Lia Alexandra"]
[Black "Preda, Alessia Elena"]
[Result "1-0"]
[WhiteElo "1387"]
[BlackElo "1226"]
[PlyCount "47"]
[EventDate "2017.02.02"]
[EventType "swiss"]
[EventRounds "9"]
[EventCountry "ROU"]
[SourceTitle "CBM 176 Extra"]
[Source "ChessBase"]
[SourceDate "2017.03.02"]
[SourceVersion "1"]
[SourceVersionDate "2017.03.02"]
[SourceQuality "1"]

1. e4 d5 2. exd5 Qxd5 3. d4 Nc6 4. Nf3 Bg4 5. Be2 0-0-0 6. c4 Qf5 7. Be3 Bxf3 8. Bxf3 e6 9. Nc3 Nb4 10. Be4 Qa5 11. 0-0 f5 12. Bf3 Nf6 13. a3 Na6 14. b4 Qb6 15. c5 Nxc5 16. bxc5 Qa6 17. Qb3 f4 18. Rab1 c6 19. Qxe6+ Rd7 20. Bxf4 Nd5 21. Nxd5 Kd8 22. Bg5+ Kc8 23. Qe8+ Rd8 24. Qxd8# 1-0

[Event "ROM-ch U10 Girls"]
[Site "Calimanesti Caciulata"]
[Date "2016.04.25"]
[Round "9"]
[White "Angheluta, Diana"]
[Black "Preda, Alessia Elena"]
[Result "1-0"]
[WhiteElo "1300"]
[BlackElo "1195"]
[PlyCount "103"]
[EventDate "2016.04.18"]
[EventType "swiss"]
[EventRounds "9"]
[EventCountry "ROU"]
[SourceTitle "EXT 2017"]
[Source "ChessBase"]
[SourceDate "2016.10.25"]
[SourceVersion "1"]
[SourceVersionDate "2016.10.25"]
[SourceQuality "1"]

1. c4 e5 2. Nc3 Nf6 3. e4 Nc6 4. g3 d6 5. Bg2 h5 6. Nge2 h4 7. h3 hxg3 8. fxg3 Be6 9. d3 Qd7 10. g4 0-0-0 11. Bg5 Be7 12. Qd2 Nh7 13. Bxe7 Qxe7 14. 0-0-0 Nd4 15. Nxd4 exd4 16. Nb5 Kb8 17. Nxd4 c5 18. Nxe6 Qxe6 19. Rdf1 Rc8 20. Rf2 f6 21. Qc3 Rc6 22. e5 Ra6 23. exf6 Nxf6 24. a3 Qe3+ 25. Qd2 Re8 26. Rf3 Qe2 27. Rf2 Qe3 28. Rhf1 Qxd2+ 29. Kxd2 Rb6 30. Kd1 Rb3 31. Kc2 Rb6 32. g5 Nh7 33. h4 Re3 34. Be4 Rh3 35. Bxh7 Rc6 36. Rf8+ Rc8 37. Rxc8+ Kxc8 38. Bf5+ Kc7 39. Bxh3 Kd8 40. Rf7 g6 41. Rg7 Ke8 42. Rxg6 Kf7 43. Rxd6 Ke7 44. g6 Kxd6 45. g7 Kc6 46. g8Q Kb6 47. Qe6+ Ka5 48. Kc3 b6 49. b4+ cxb4+ 50. axb4+ Ka4 51. Qe1 Ka3 52. Qa1# 1-0

[Event "ROM-ch U08 Girls"]
[Site "Calimanesti"]
[Date "2015.04.05"]
[Round "8"]
[White "Barbu, Timea Alexandra"]
[Black "Preda, Alessia Elena"]
[Result "0-1"]
[WhiteElo "1026"]
[BlackElo "1099"]
[PlyCount "90"]
[EventDate "2015.03.30"]
[EventType "swiss"]
[EventRounds "9"]
[EventCountry "ROU"]
[SourceTitle "CBM 165 Extra"]
[Source "ChessBase"]
[SourceDate "2015.04.21"]
[SourceVersion "1"]
[SourceVersionDate "2015.04.21"]
[SourceQuality "1"]

1. e4 d5 2. exd5 Qxd5 3. Nc3 Qa5 4. d4 Nf6 5. Bc4 Bf5 6. Qf3 c6 7. Nge2 Nbd7 8. 0-0 e6 9. Bg5 Bd6 10. h3 0-0 11. Rac1 h6 12. Bxf6 Nxf6 13. Ng3 Bg6 14. Qe3 Rfe8 15. Nce4 Be7 16. Nxf6+ Bxf6 17. a3 e5 18. d5 Bg5 19. Qf3 Bxc1 20. Rxc1 Qd8 21. dxc6 bxc6 22. Qxc6 Qg5 23. Ne2 Bf5 24. Bd5 Bxh3 25. Rd1 Rf8 26. Be4 Rfd8 27. Rxd8+ Rxd8 28. Bd3 g6 29. f4 Qg4 30. fxe5 a6 31. b4 Rc8 32. Qd5 a5 33. bxa5 Rc5 34. Qd8+ Kh7 35. Qa8 Rxa5 36. Qb7 Kg7 37. Qe4 Qg5 38. g3 Rxe5 39. Qd4 Kh7 40. Kh2 Bf1 41. Qd7 Qf6 42. Nf4 Re7 43. Qd8 Re2+ 44. Nxe2 Qf2+ 45. Kh1 Qg2# 0-1

[Event "ROM-ch U08 Girls"]
[Site "Calimanesti"]
[Date "2015.03.30"]
[Round "1"]
[White "Pomirleanu, Ana Maria"]
[Black "Preda, Alessia Elena"]
[Result "0-1"]
[WhiteElo "1001"]
[BlackElo "1099"]
[PlyCount "56"]
[EventDate "2015.03.30"]
[EventType "swiss"]
[EventRounds "9"]
[EventCountry "ROU"]
[SourceTitle "CBM 165 Extra"]
[Source "ChessBase"]
[SourceDate "2015.04.21"]
[SourceVersion "1"]
[SourceVersionDate "2015.04.21"]
[SourceQuality "1"]

1. e4 d5 2. f3 e5 3. Ne2 Nf6 4. d3 Be6 5. Ng3 Nc6 6. Be2 Be7 7. Be3 d4 8. Bg5 Qd6 9. c3 0-0-0 10. 0-0 dxc3 11. Nxc3 Qc5+ 12. Kh1 Bc4 13. b3 Be6 14. Na4 Qd4 15. Bxf6 Bxf6 16. Nh5 h6 17. f4 b5 18. Nb2 Qxb2 19. fxe5 Qxe5 20. Rc1 Ne7 21. Qc2 Rd7 22. Rcd1 Ng6 23. a4 bxa4 24. bxa4 Qg5 25. Qc6 Kd8 26. Rb1 Nh4 27. Qa8+ Ke7 28. Qxh8 Qxg2# 0-1

[Event "ROM-ch U08 Girls"]
[Site "Calimanesti"]
[Date "2013.04.05"]
[Round "5"]
[White "Popa, Roxana Maria"]
[Black "Preda, Alessia Elena"]
[Result "1-0"]
[WhiteElo "1292"]
[BlackElo "1003"]
[PlyCount "31"]
[EventDate "2013.04.02"]
[EventType "swiss"]
[EventRounds "9"]
[EventCountry "ROU"]
[SourceTitle "CBM 153 Extra"]
[Source "ChessBase"]
[SourceDate "2013.04.22"]
[SourceVersion "1"]
[SourceVersionDate "2013.04.22"]
[SourceQuality "1"]

1. d4 d5 2. Nf3 Nf6 3. e3 Bf5 4. b3 Nbd7 5. Bb2 e6 6. Bd3 Bxd3 7. Qxd3 Bd6 8. 0-0 0-0 9. Nbd2 Qe7 10. a3 e5 11. Rfe1 Rae8 12. c4 dxc4 13. Nxc4 e4 14. Qc3 exf3 15. d5 Nxd5 16. Qxg7# 1-0

[Event "ROM-ch U08 Girls"]
[Site "Calimanesti"]
[Date "2013.04.02"]
[Round "1"]
[White "Obada, Ema"]
[Black "Preda, Alessia Elena"]
[Result "1-0"]
[WhiteElo "1117"]
[BlackElo "1003"]
[PlyCount "65"]
[EventDate "2013.04.02"]
[EventType "swiss"]
[EventRounds "9"]
[EventCountry "ROU"]
[SourceTitle "CBM 153 Extra"]
[Source "ChessBase"]
[SourceDate "2013.04.22"]
[SourceVersion "1"]
[SourceVersionDate "2013.04.22"]
[SourceQuality "1"]

1. e4 d5 2. exd5 Qxd5 3. d4 Nf6 4. Nf3 Qd8 5. Be3 Bf5 6. Bd3 Bxd3 7. Qxd3 c6 8. c4 c5 9. d5 Qa5+ 10. Nc3 Nbd7 11. 0-0 e5 12. Rfe1 Bd6 13. Bd2 0-0 14. Ne4 Qb6 15. Nxd6 Qxd6 16. Qc2 e4 17. Ng5 Ne5 18. Nxe4 Nxe4 19. Qxe4 f6 20. Bf4 Rae8 21. Qc2 Re7 22. Bg3 Qa6 23. b3 Rfe8 24. f3 b5 25. Rac1 bxc4 26. bxc4 Rb8 27. f4 Qa3 28. fxe5 Rb2 29. Qf5 fxe5 30. Bxe5 Qxa2 31. Bxb2 Rxe1+ 32. Rxe1 g6 33. Re8# 1-0